Product strategy and management / (Record no. 39079)
[ view plain ]
| 000 -LEADER | |
|---|---|
| fixed length control field | 01006cam a2200313 a 4500 |
| 001 - CONTROL NUMBER | |
| control field | 14643732 |
| 003 - CONTROL NUMBER IDENTIFIER | |
| control field | OSt |
| 005 - DATE AND TIME OF LATEST TRANSACTION | |
| control field | 20140311162957.0 |
| 008 - FIXED-LENGTH DATA ELEMENTS--GENERAL INFORMATION | |
| fixed length control field | 061122s2007 enka b 001 0 eng |
| 010 ## - LIBRARY OF CONGRESS CONTROL NUMBER | |
| LC control number | 2006052549 |
| 020 ## - INTERNATIONAL STANDARD BOOK NUMBER | |
| International Standard Book Number | 9789810698508 |
| 040 ## - CATALOGING SOURCE | |
| Original cataloging agency | DLC |
| Transcribing agency | DLC |
| 050 00 - LIBRARY OF CONGRESS CALL NUMBER | |
| Classification number | HF 5415.15 |
| Item number | .B353 2008 |
| 100 1# - MAIN ENTRY--PERSONAL NAME | |
| Personal name | Baker, Michael John. |
| 9 (RLIN) | 30566 |
| 245 10 - TITLE STATEMENT | |
| Title | Product strategy and management / |
| Statement of responsibility, etc | Michael Baker and Susan Hart. |
| 250 ## - EDITION STATEMENT | |
| Edition statement | 2nd ed. |
| 260 ## - PUBLICATION, DISTRIBUTION, ETC. (IMPRINT) | |
| Place of publication, distribution, etc | Harlow, England ; |
| -- | New York : |
| Name of publisher, distributor, etc | FT Prentice Hall, |
| Date of publication, distribution, etc | 2007. |
| 300 ## - PHYSICAL DESCRIPTION | |
| Extent | xviii, 541 p. : |
| Other physical details | ill. ; |
| Dimensions | 25 cm. |
| 546 ## - LANGUAGE NOTE | |
| Language note | C12161 |
| 546 ## - LANGUAGE NOTE | |
| Language note | C11667 |
| 546 ## - LANGUAGE NOTE | |
| Language note | C11655 |
| 546 ## - LANGUAGE NOTE | |
| Language note | 12160 |
| 650 #0 - SUBJECT ADDED ENTRY--TOPICAL TERM | |
| Topical term or geographic name as entry element | Product management. |
| 9 (RLIN) | 30567 |
| 650 #0 - SUBJECT ADDED ENTRY--TOPICAL TERM | |
| Topical term or geographic name as entry element | New products |
| General subdivision | Management |
| Form subdivision | Case studies. |
| 9 (RLIN) | 30568 |
| 700 1# - ADDED ENTRY--PERSONAL NAME | |
| Personal name | Hart, Susan J. |
| 9 (RLIN) | 30569 |
| 906 ## - LOCAL DATA ELEMENT F, LDF (RLIN) | |
| a | 7 |
| b | cbc |
| c | orignew |
| d | 1 |
| e | ocip |
| f | 20 |
| g | y-gencatlg |
| 942 ## - ADDED ENTRY ELEMENTS (KOHA) | |
| Source of classification or shelving scheme | Library of Congress Classification |
| Koha item type | Books |
| Call number prefix | Foreign |
| Withdrawn status | Lost status | Source of classification or shelving scheme | Damaged status | Home library | Current library | Shelving location | Date acquired | Total Checkouts | Full call number | Barcode | Date last seen | Copy number | Price effective from | Koha item type | Total Renewals | Date checked out |
|---|---|---|---|---|---|---|---|---|---|---|---|---|---|---|---|---|
| Library of Congress Classification | College Library | College Library | General Circulation Section | 12/09/2013 | HF 5415.15 .B353 2008 | C12160 | 05/15/2018 | 1 | 12/09/2013 | Books | ||||||
| Library of Congress Classification | College Library | College Library | General Circulation Section | 12/09/2013 | 1 | HF 5415.15 .B353 2008 | C12161 | 05/15/2018 | 2 | 12/09/2013 | Books | 21 | 11/10/2015 | |||
| Library of Congress Classification | College Library | College Library | General Circulation Section | 12/09/2013 | HF 5415.15 .B353 2008 | C11655 | 05/15/2018 | 3 | 12/09/2013 | Books | ||||||
| Library of Congress Classification | College Library | College Library | General Circulation Section | 12/09/2013 | HF 5415.15 .B353 2008 | C11667 | 05/15/2018 | 4 | 12/09/2013 | Books |